[Event "Subotica-ch"]
[Site "Subotica"]
[Date "2014.02.24"]
[Round "3"]
[White "Nemeth, Tibor G"]
[Black "Bacsa, Zoltan"]
[Result "1/2-1/2"]
[WhiteElo "1928"]
[BlackElo "1654"]
[PlyCount "108"]
[EventDate "2014.02.19"]
[EventType "swiss"]
[EventRounds "9"]
[EventCountry "SRB"]
[SourceTitle "CBM 159 Extra"]
[Source "ChessBase"]
[SourceDate "2014.04.24"]
[SourceVersion "1"]
[SourceVersionDate "2014.04.24"]
[SourceQuality "1"]

1. c4 c6 2. Nc3 Nf6 3. g3 e6 4. Bg2 d5 5. cxd5 cxd5 6. d4 Nc6 7. Nf3 h6 8. 0-0 Be7 9. Bf4 a6 10. Ne5 Nxe5 11. Bxe5 Bd6 12. Qb3 Bxe5 13. dxe5 Nd7 14. f4 Qb6+ 15. Qxb6 Nxb6 16. e4 dxe4 17. Nxe4 0-0 18. Nd6 Rb8 19. Rfd1 Rd8 20. Rac1 Rd7 21. Bf3 Kf8 22. Kf2 Ke7 23. b3 f6 24. a4 Kd8 25. exf6 gxf6 26. Nf7+ Ke7 27. Nxh6 Rxd1 28. Rxd1 Bd7 29. Ng4 Bc6 30. Bxc6 bxc6 31. h4 Nd5 32. Rd3 Rg8 33. Kf3 Nb4 34. Rc3 Rd8 35. Ne3 Rd3 36. Rxd3 Nxd3 37. Nc4 e5 38. fxe5 fxe5 39. g4 Ke6 40. Ke3 Nc5 41. Nd2 Kd5 42. g5 Ne6 43. Ne4 Nd4 44. Nd2 Nf5+ 45. Kd3 Nxh4 46. b4 Ng6 47. Nb3 Nf4+ 48. Ke3 Kc4 49. Nc5 Kxb4 50. Nxa6+ Kxa4 51. Nc5+ Kb5 52. Nd3 Ng6 53. Ke4 c5 54. Nxe5 Ne7 1/2-1/2

[Event "Subotica-ch"]
[Site "Subotica"]
[Date "2014.02.19"]
[Round "1"]
[White "Nemeth, Tibor G"]
[Black "Arbutina, Sinisa"]
[Result "0-1"]
[WhiteElo "1928"]
[BlackElo "2285"]
[PlyCount "62"]
[EventDate "2014.02.19"]
[EventType "swiss"]
[EventRounds "9"]
[EventCountry "SRB"]
[SourceTitle "CBM 159 Extra"]
[Source "ChessBase"]
[SourceDate "2014.04.24"]
[SourceVersion "1"]
[SourceVersionDate "2014.04.24"]
[SourceQuality "1"]

1. f4 d5 2. Nf3 c5 3. e3 Nc6 4. Bb5 Bd7 5. Nc3 Nf6 6. b3 a6 7. Bxc6 Bxc6 8. Ne5 Qc7 9. 0-0 e6 10. Bb2 Bd6 11. Ne2 b5 12. Ng3 Bb7 13. Nh5 Nxh5 14. Qxh5 g6 15. Qh4 Be7 16. Qf2 Rf8 17. a4 b4 18. c4 f6 19. Nf3 dxc4 20. bxc4 Rd8 21. Qe2 Kf7 22. d4 Rc8 23. Rac1 Bc6 24. Qc2 Rfd8 25. Rfd1 Qb7 26. Kf2 Be4 27. Qb3 Rd7 28. Ba1 Rcd8 29. dxc5 Bxf3 30. gxf3 Rd2+ 31. Kg3 Qd7 0-1